| 000 | 00551nam a2200193Ia 4500 | ||
|---|---|---|---|
| 005 | 20250326143551.0 | ||
| 008 | 250326s9999 xx 000 0 und d | ||
| 020 | _a81-89333-09-7 | ||
| 037 | _aTextbook | ||
| 040 |
_aFMSL _beng _cFMSL |
||
| 041 |
_aeng _2eng |
||
| 084 |
_aX:512 P5 _qFMSL |
||
| 100 |
_aKambhammettu S S _9748212 |
||
| 245 | 0 |
_aBrand valuation : concepts and applications _cKambhammettu S S |
|
| 260 |
_aIndia _bIndia, ICFAI University _c2005 |
||
| 300 | _a242p | ||
| 942 |
_cTB _hX:512 P5 |
||
| 999 |
_c1300107 _d1300107 |
||